Вох (Запис номер 445008)
[ съкратено ]
| 000 -Лидер | |
|---|---|
| Контролно поле с фиксирана дължина | 01193nam a2200277 a 4500 |
| 003 - Код на организацията, давaща контролен номер | |
| Контролно поле | BLK |
| 005 - Дата и час на последна редакция | |
| Контролно поле | 20250726151118.0 |
| 008 - Елементи от данни с фиксирана дължина | |
| fixed length control field | 190508b bu |||||r|||| 00| 0 bu d |
| 020 ## - Международен стандартен номер на книга ISBN | |
| Международен стандартен номер на книга ISBN | 9786190209430 |
| 040 ## - Източник на каталожния запис | |
| Идентификатор на билиотеката - собственик на записа | BLK |
| 041 ## - Код за език | |
| Код за езика на текст/звукозапис или на отделно заглавие | Български |
| Код за езика КДБФ | Български |
| 080 ## - УДК | |
| Текстов определител УДК | Шведска литература |
| УДК код - определител по УДК | 821.113.6 |
| УДК определител | -312.4 |
| УДК - код + определител | 821.113.6-312.4 |
| 100 1# - Редна дума - Автор | |
| Автор | Лекберг, Камила |
| R(LIN) | 88268 |
| 139 ## - Редно поле | |
| Редна дума | Лекберг, Камила и др. |
| Авторски знак | Лек - Л 41 |
| 245 ## - Сведения за заглавието | |
| Заглавие | Вох |
| Подзаглавни данни | Роман |
| Редно поле (дума) | Камила Лекберг, Хенрик Фексеус ; прев. от швед. Любомир Гиздов. |
| 260 ## - Област на издателските данни | |
| 9 (RLIN) | 209486 |
| Място на издаване, разпространение и проч. | София |
| Име на издателя, разпространителя и проч. | Колибри |
| Година на издаване | 2021 |
| Печатница | София: Инвестпрес |
| 300 ## - Физическа характеристика | |
| Страници | 528 с. |
| Размери/Мащаб | 20 см |
| 380 ## - Жанр | |
| Жанр | Худож. лит. |
| 490 ## - СЕРИИ (Колекции) | |
| Име на серия | Съвременни трилъри |
| 500 ## - Общи забележки | |
| Забележка | Ориг. загл.: Box / Camilla Läckberg, Henrik Fexeus. - Биогр. данни за авт. отбелязани на гърба на кор. |
| 700 ## - Други автори (авторска отговорност) | |
| Лично име | Фексеус, Хенрик |
| 9 (RLIN) | 470788 |
| 700 ## - Други автори (авторска отговорност) | |
| Лично име | Гиздов, Любомир Емилов |
| 9 (RLIN) | 455395 |
| 852 ## - Местоположение | |
| Форматна сигнатура | Цб 312359 |
| Фондова буква | Хранилище |
| 942 ## - АРТИКУЛИ | |
| Вид на библиотечния материал | Книги |
| Скрит в OPAC | Не |
| Koha issues (borrowed), all copies | 97 |
| Периодичен библиозапис | Да |
| 944 ## - СЪЗДАВАНЕ И РЕДАКЦИЯ на ЗАПИСА | |
| Създаване/Редакция | Създаване |
| Дата на регистрацията/редакция | 2022-02-16 |
| Служител, извършил регистрацията/редакцията | 30550 |
| Статус, дата на статуса | Кети Илиева |
| 999 ## - СИСТЕМНИ КОНТРОЛНИ НОМЕРА | |
| Koha biblionumber | 445008 |
| Koha biblioitemnumber | 445008 |
| Код за отписване | Код за изгубен артикул | Източник на класификационната схема | Код за повреда | Коз за рестрикции | Код за отдаване | Артикулен № | Име на библиотеката - собственик | Име на библиотеката, в която се намира в момента | Статус (Текущо местоположение) | Дата на вписване в системата | Местоположение - отдел | Цена в лева | Систематично азбучна сигнатура | Баркод | Цена в евро | Служебен тип на артикула | Инвентарен номер |
|---|---|---|---|---|---|---|---|---|---|---|---|---|---|---|---|---|---|
| Не е изгубен | Universal Decimal Classification | Не е повреден | без рестрикции | заемане за дома | 872445 | Регионална библиотека "Любен Каравелов" Русе | Регионална библиотека "Любен Каравелов" Русе | Заемна - подръчен фонд | 2022-02-17 | Заемна - подръчен фонд | 16.80 | 821-31/Л 41 К | 120000866110 | 8.59 | Книги | ||
| Не е изгубен | Universal Decimal Classification | Не е повреден | без рестрикции | заемане за дома | 872446 | Регионална библиотека "Любен Каравелов" Русе | Регионална библиотека "Любен Каравелов" Русе | Заемна - подръчен фонд | 2022-02-17 | Заемна - подръчен фонд | 16.80 | 821-31/Л 41 К | 120000866109 | 8.59 | Книги | ||
| Не е изгубен | Universal Decimal Classification | Не е повреден | само за читалня | ползва се в читалня | 883800 | Регионална библиотека "Любен Каравелов" Русе | Регионална библиотека "Любен Каравелов" Русе | Хранилище | 2022-05-12 | Хранилище | 24.00 | Цб 312359 | 120000871849 | 12.27 | Книги | ||
| Не е изгубен | Universal Decimal Classification | Не е повреден | заемане за дома | 944180 | Регионална библиотека "Любен Каравелов" Русе | Регионална библиотека "Любен Каравелов" Русе | Заемна - подръчен фонд | 2024-06-13 | Заемна - подръчен фонд | 24.00 | 821-31/Л 41 К | 120000909243 | 12.27 | Книги | 120000909243 | ||
| Не е изгубен | Universal Decimal Classification | Не е повреден | заемане за дома | 945726 | Регионална библиотека "Любен Каравелов" Русе | Регионална библиотека "Любен Каравелов" Русе | Заемна - подръчен фонд | 2024-07-09 | Заемна - подръчен фонд | 24.00 | 821-31/Л 41 К | 120000910868 | 12.27 | Книги | 120000910868 |